Účtovníctvo rozpočtových organizácií záverečná správa za celé obdobie riešenia projektu KEGA : projekt č. 088-031EU-4/2010

Salvato in:
Dettagli Bibliografici
Autore principale: Kovalčíková, Antónia
Natura: Libro
Lingua:slovacco
Pubblicazione: Bratislava 2010
Soggetti:
Tags: Aggiungi Tag
Nessun Tag, puoi essere il primo ad aggiungerne!!

MARC

LEADER 00000nam a2200000 4500
001 0128147
005 20240614122908.8
041 0 |a slo 
044 |a SK 
245 1 0 |a Účtovníctvo rozpočtových organizácií  |b záverečná správa za celé obdobie riešenia projektu KEGA : projekt č. 088-031EU-4/2010  |c Antónia Kovalčíková 
264 1 |a Bratislava  |c 2010 
300 |a [25] s. 
610 2 0 |a účtovníctvo 
610 2 0 |a organizácie rozpočtové 
100 1 |a Kovalčíková, Antónia